| 000 | 00581nam a2200217 i 4500 | ||
|---|---|---|---|
| 001 | bg | ||
| 100 | 1 | _aMANKIW, Gregory N. | |
| 245 | 1 | 0 |
_aMacroeconomics / _cGregory N. Mankiw. |
| 250 | _a3rd ed. | ||
| 260 |
_aNew York : _bWorth, _ccop. 1997. |
||
| 300 |
_aXXXVIII, 531 s. : _b1 portr., rys., wykr. kolor. ; _c24 cm. |
||
| 504 | _aStreszcz. przy rozdz. - Indeks. | ||
| 650 | 9 | _aMakroekonomia | |
| 020 | _a1572591412 | ||
| 040 | _cBPK | ||
| 041 | 0 |
_aen _ben |
|
| 080 | _a330.101.541 | ||
| 920 | _a1-57259-141-2 | ||
| 942 | _cKS | ||
| 008 | s pl f |000 0 pol | ||
| 999 |
_c33471 _d33471 |
||
| 856 |
_uhttp://koha.tu.koszalin.pl/cgi-bin/koha/opac-detail.pl?biblionumber=33471 _yKatalog online BPK |
||